000 01001ntaaa2200289 4500
003 01
005 20251027203335.0
008 0714s1973 ag 01
040 _aAR-BaBN
_bspa
_cAR-BaBN
_eaacr
_dRIC
100 _aCea, Pamela
_937177
245 _aEl cristianismo como estilo de vida /
_cPamela Cea
260 _aBuenos Aires,
_c2014
300 _a51 h. ;
_c28 cm.
500 _a"En convenio con la Asamblea Apostólica de la fe en Cristo Jesús"
500 _aIncluye referencias bibliográficas
500 _aBibliografía: h. 50-51
502 _a(licenciatura)-Seminario Internacional Teológico Bautista, 2014
505 _tCap. I. La transmisión del mensaje
505 _tCap. II. Costumbres en los tiempos bíblicos
505 _tCap. III. El pueblo de Dios y el mundo
505 _tCap. IV. La transmisión del mensaje
505 _tCap. V. El cristianismo como estilo de vida
650 _aTESIS
650 _aCRISTIANISMO
_98288
650 _aEVANGELISMO
_9336
942 _cBK
999 _c28899
_d28899